Punjab Cities Growth: (Record no. 608281)
[ view plain ]
| 000 -LEADER | |
|---|---|
| fixed length control field | 00557nam a22001937a 4500 |
| 003 - CONTROL NUMBER IDENTIFIER | |
| control field | OSt |
| 005 - DATE AND TIME OF LATEST TRANSACTION | |
| control field | 20240227093848.0 |
| 008 - FIXED-LENGTH DATA ELEMENTS--GENERAL INFORMATION | |
| fixed length control field | 180717t xxu||||| |||| 00| 0 eng d |
| 020 ## - INTERNATIONAL STANDARD BOOK NUMBER | |
| International Standard Book Number | 9789699508356 |
| 040 ## - CATALOGING SOURCE | |
| Transcribing agency | 0 |
| 082 ## - DEWEY DECIMAL CLASSIFICATION NUMBER | |
| Classification number | 954914 |
| Author Mark | PUN |
| 245 00 - TITLE STATEMENT | |
| Title | Punjab Cities Growth: |
| Remainder of title | Atlas (1995-015) |
| 260 ## - PUBLICATION, DISTRIBUTION, ETC. | |
| Date of publication, distribution, etc. | 2015. |
| 300 ## - PHYSICAL DESCRIPTION | |
| Extent | 126p.; |
| 505 ## - FORMATTED CONTENTS NOTE | |
| Formatted contents note | 194 Cities of Punjab -- Connectography -- Urban Expansion -- Cities'Profile |
| 651 ## - SUBJECT ADDED ENTRY--GEOGRAPHIC NAME | |
| Geographic name | Pakistan |
| Geographic subdivision | Punjab. |
| 9 (RLIN) | 121362 |
| 942 ## - ADDED ENTRY ELEMENTS (KOHA) | |
| Source of classification or shelving scheme | |
| Koha item type | Reference |
| Institution code [OBSOLETE] | SADA |
| Call number prefix | REF 954.914 PUN 2015 |
| Withdrawn status | Lost status | Source of classification or shelving scheme | Damaged status | Not for loan | Permanent Location | Current Location | Date acquired | Source of acquisition | Total Checkouts | Full call number | Barcode | Date last seen | Price effective from | Koha item type |
|---|---|---|---|---|---|---|---|---|---|---|---|---|---|---|
| School of Art Design and Architecture (SADA) | School of Art Design and Architecture (SADA) | 06/25/2018 | Donation | REF 954914 PUN 2015 | SADAD0000354 | 02/27/2024 | 02/27/2024 | Reference |
